000 00359nam a2200145Ia 4500
008 220204s9999 xx 000 0 und d
082 _a002.60625
_bDEG;1
100 _aCanada, John R
245 0 _aEngineering economy
250 _aEd.5
260 _aNew York
_bMacmillan
_c1973
650 _aEngineering economy
700 _aDegarmo, E Paul
942 _cBK
999 _c27005
_d27005